Lưu trữ các bộ sưu tập bảo tàng = Bảo tồn di sản văn hóa : Cẩm nang kỹ thuật dành cho các viện bảo tàng và đài tưởng niệm

Cuốn cẩm nang này là cuốn sách thứ hai trong bộ sách nhằm cung cấp những hướng đãn ký thuật thực tiễn về bảo tồn và phục chế các tài sản văn hóa. Nhằm mục đích phổ biến và trao đổi kiến thức chuyên ngành, bộ sách dành cho cá bảo tà...

وصف كامل

محفوظ في:
التفاصيل البيبلوغرافية
المؤلف الرئيسي: Johnson, E. Verner
التنسيق: كتاب
اللغة:Undetermined
منشور في: Hà Nội Lao Động - Xã Hội 2006
الموضوعات:
الوسوم: إضافة وسم
لا توجد وسوم, كن أول من يضع وسما على هذه التسجيلة!
Thư viện lưu trữ: Trung tâm Học liệu Trường Đại học Cần Thơ
LEADER 01447nam a2200217Ia 4500
001 CTU_143024
008 210402s9999 xx 000 0 und d
082 |a 069.53 
082 |b J67 
100 |a Johnson, E. Verner 
245 0 |a Lưu trữ các bộ sưu tập bảo tàng = 
245 0 |b Bảo tồn di sản văn hóa : Cẩm nang kỹ thuật dành cho các viện bảo tàng và đài tưởng niệm 
245 0 |c E. Verner Johnson , Joanne C. Horgan 
260 |a Hà Nội 
260 |b Lao Động - Xã Hội 
260 |c 2006 
520 |a Cuốn cẩm nang này là cuốn sách thứ hai trong bộ sách nhằm cung cấp những hướng đãn ký thuật thực tiễn về bảo tồn và phục chế các tài sản văn hóa. Nhằm mục đích phổ biến và trao đổi kiến thức chuyên ngành, bộ sách dành cho cá bảo tàng, đài tưởng niệm vốn luôn thiếu thốn các nguồn lực và buộc phải tìm giải pháp cho việc thay thế các vấn đề bảo tàng phù hợp với các nguồn lực và phương tiện địa phương. 
650 |a Museums,Bảo tàng 
650 |x Collection management,Quản lý bộ sưu tập 
904 |i Trọng Hiếu 
980 |a Trung tâm Học liệu Trường Đại học Cần Thơ